000 00987nam a22002297a 4500
001 1756049
003 AM-YEHGA
005 20250618075909.0
008 210217s2020 ai ||||gr|||||00| 0 arm||
020 _a9789939755618
040 _aAM-YeHGA
041 0 _aarm
100 1 _aՇահան, Շահնուր,
_d1903-1974
_91747
245 1 0 _aՅարալեզներու դաւաճանութիւնը ։
_bՊատկերազարդ պատմութիւն Հայոց /
_cՇ. Շահնուր ; Հրատարակության պատրաստեց, խմբագրեց, վերջաբանը գրեց՝ Ա. Անդրանիկեանը.
260 _aԵրևան ։
_bԷդիթ Պրինտ,
_c2020.
300 _a200 էջ ;
_c21 սմ.
490 0 _aՍփյուռք մատենաշար
650 1 4 _aՍփյուռքահայ արձակ
700 1 _aԱնդրանիկյան, Արթուր Անդրանիկի,
_eխմբագիր
_4edt
_eվերջաբանի հեղինակ
_4aft
_d1959-
_92860
942 _2udc
_cBK
090 _c511402
999 _c507969
_d507969